00553nam a2200193 a 4500001001300000003000900013005001700022008004100039020001000080082002100090100002000111245006900131260004800200300000900248500003500257505002400292650002300316700002000339nice12345678IN_TiNIC20260116014223.0050524s1998 dela grp 000 0 eng  ac16000a305.480297bHAS1 aHashia, Haseena aMuslim Women in India Since Independenceb Feminine Perspectives aDelhibInstitute of Objective Studiesc1998 a201p aincludes index and biblioraphy2 aGeneral Conclusions aMuslim Women-India1 aHashia, Haseena